Nombre de Mcdonald's par pays - Statistiques

Statistiques générales
  • Ce quiz a été pris 230 fois
  • Le résultat moyen est 27 sur 44
Statistiques - réponses
Nombre de restaurants Pays % Correct
13515 États Unis
100%
1500 France
100%
591 Espagne
95%
1300 Royaume Uni
93%
3753 Chine
92%
676 Italie
92%
1422 Allemagne
90%
2900 Japon
90%
1400 Canada
89%
402 Mexique
89%
1052 Brésil
87%
222 Argentine
86%
1000 Australie
84%
190 Suède
82%
480 Inde
80%
63 Maroc
77%
80 Norvège
77%
368 Afrique du Sud
74%
532 Pologne
73%
447 Corée du Sud
72%
263 Pays Bas
69%
301 Indonesie
63%
245 Turquie
62%
191 Danemark
61%
192 Egypte
61%
202 Autriche
60%
111 Ukraine
60%
229 Thailande
55%
388 Arabie Saoudite
54%
229 Israel
45%
1 Irak
42%
83 Pakistan
42%
1 Cuba
41%
1 Monaco
41%
133 Vénézuela
40%
350 Malaisie
39%
11 Estonie
34%
35 Nigéria
33%
207 Émirats arabes unis
30%
413 Taiwan
30%
30 Bangladesh
25%
3 Bahamas
17%
4 Fidji
13%
699 Philipines
6%
Aucun quiz correspondant
Distribution des résultats
% des personnes avec chaque résultat
Percentile par nombre de réponses
Votre historique - résultats
Vous n’avez pas pris ce quiz